The Big Bang Theory Characters Quiz Stats

 Plays Quiz not verified by Sporcle

Also try: Click the TV Theme
Challenge
Share
Tweet
Score 0/16 Timer 10:00
0 Plays Today
% Correct
Sheldon Cooper
97.1%
Penny
97.1%
Amy Farrah Fowler
82.4%
Howard Wolowitz
76.5%
Bernadette Rostenkowski
73.5%
Leonard Hofstadter
64.7%
Barry Kripke
64.7%
Leslie Winkle
64.7%
% Correct
Stuart Bloom
61.8%
Raj Koothrappali
58.8%
Arthur Jeffries
50%
Lucy
47.1%
Mrs. Wolowitz
44.1%
Priya Koothrappali
44.1%
Mrs. Koothrappali
41.2%
Emily Sweeney
26.5%

You're not logged in!

Compare scores with friends on all Sporcle quizzes.
Join for Free
OR
Log In

You Might Also Like...

Show Comments

Extras

Created Jul 2, 2017ReportNominate
Tags:bang, big bang, character, theory

Top Quizzes Today


Score Distribution

Your Account Isn't Verified!

In order to create a playlist on Sporcle, you need to verify the email address you used during registration. Go to your Sporcle Settings to finish the process.

Report this User

Report this user for behavior that violates our Community Guidelines.

Details: